| 000 | 00857nam a22002297a 4500 | ||
|---|---|---|---|
| 003 | DO-CoUTE | ||
| 005 | 20260415125300.0 | ||
| 008 | 260415b dr ||||| |||| 00| 0 spa d | ||
| 040 |
_aDO-CoUTE _bspa _cDO-CoUTE |
||
| 082 | _aRD 972.9375SA237d | ||
| 100 | 1 |
_aschomburgk Hermann, Robert _eAutor |
|
| 245 | 1 | 0 |
_aSanto Domingo : _bVisto por cuarto viajeros 1850-1889 / _cRobert hermann schomburgk, Frederick Douglas, rodolphe. e Garczynski, Wilhelm Sievers |
| 260 |
_aSanto Domingo ; _bAcademia Dominicana de la historia, _c2016 |
||
| 300 |
_a145 Paginas : _c23cm, |
||
| 504 | _aIncluye referencia bibliográfica e índice. | ||
| 650 | 4 | _ahistoria | |
| 700 | 1 |
_aHermann Schomburgk, Robert _eautor |
|
| 700 | 1 |
_aDouglass, Frederick _eAutor |
|
| 700 | 1 |
_aGarczynski, Rodolphe E. _eAutor |
|
| 700 | 1 |
_aSievers, Wilhelm _eAutor |
|
| 942 |
_2ddc _cBK |
||
| 999 |
_c24110 _d24110 |
||